<?xml version="1.0" encoding="UTF-8"?><?xml-stylesheet type="text/xsl" href="static/style.xsl"?><OAI-PMH xmlns="http://www.openarchives.org/OAI/2.0/" xmlns:xsi="http://www.w3.org/2001/XMLSchema-instance" xsi:schemaLocation="http://www.openarchives.org/OAI/2.0/ http://www.openarchives.org/OAI/2.0/OAI-PMH.xsd"><responseDate>2026-04-13T01:37:15Z</responseDate><request verb="GetRecord" identifier="oai:www.recercat.cat:2117/445239" metadataPrefix="marc">https://recercat.cat/oai/request</request><GetRecord><record><header><identifier>oai:recercat.cat:2117/445239</identifier><datestamp>2026-01-19T06:28:30Z</datestamp><setSpec>com_2072_1033</setSpec><setSpec>col_2072_452951</setSpec></header><metadata><record xmlns="http://www.loc.gov/MARC21/slim" xmlns:dcterms="http://purl.org/dc/terms/" xmlns:xsi="http://www.w3.org/2001/XMLSchema-instance" xmlns:doc="http://www.lyncode.com/xoai" xsi:schemaLocation="http://www.loc.gov/MARC21/slim http://www.loc.gov/standards/marcxml/schema/MARC21slim.xsd">
   <leader>00925njm 22002777a 4500</leader>
   <datafield ind2=" " ind1=" " tag="042">
      <subfield code="a">dc</subfield>
   </datafield>
   <datafield ind2=" " ind1=" " tag="720">
      <subfield code="a">Abel Fabregó, Maria</subfield>
      <subfield code="e">author</subfield>
   </datafield>
   <datafield ind2=" " ind1=" " tag="260">
      <subfield code="c">2025-06-16</subfield>
   </datafield>
   <datafield ind2=" " ind1=" " tag="520">
      <subfield code="a">Este trabajo final de master aborda la optimización del proceso de validación del Coste Real Unitario (CRU) en empresas de artículos de cuero de lujo mediante la automatiza- ción y digitalización del análisis de costes. El objetivo final es crear un sistema no propietario y escalable que minimice los errores al gestionar y rastrear todos los aspectos financieros en un entorno donde los procesos analógicos se ejecutan junto con herramientas digitales como PLM y Excel. Para lograr estos objetivos, se crearon hojas de cálculo de Excel y una solución de ma- cros de VBA. El sistema compara estimaciones y datos, genera informes claros basados en datos de KPI e identifica variaciones significativas en los costes de mano de obra y materiales. Se probaron veinte modelos reales utilizando los criterios de tiempo, varianzas y tasas de ganancia. Los resultados muestran que el método propuesto alcanza una precisión del 96,5 %, reduce el desperdicio de material en un 77,3 % y se reduce el tiempo de validación en un 83,3 %. Finalmente, el número de prototipos rechazados disminuyó de seis a solo uno, y la variabilidad del margen se redujo en un 40 %, de ±0.5 a ±0.3 pun- tos. También se notó una mejor evaluación de la superficie del cuero, obteniendo una disminución del 83 % del error promedio. En conclusión, se demuestra que el enfoque desarrollado es exitoso, rentable y reprodu- cible en empresas pequeñas y medianas dentro de la industria del lujo. No sólo ayuda en la racionalización de recursos y tiempo, sino que también mejora la credibilidad del margen operativo y es un paso hacia la sostenibilidad de la organización. Su realización significa un paso adelante hacia la Industria 4.0 sin gastos estructurales extensivos.</subfield>
   </datafield>
   <datafield tag="653" ind2=" " ind1=" ">
      <subfield code="a">Àrees temàtiques de la UPC::Economia i organització d'empreses</subfield>
   </datafield>
   <datafield tag="653" ind2=" " ind1=" ">
      <subfield code="a">Luxury goods industry</subfield>
   </datafield>
   <datafield tag="653" ind2=" " ind1=" ">
      <subfield code="a">Production (Economic theory)</subfield>
   </datafield>
   <datafield tag="653" ind2=" " ind1=" ">
      <subfield code="a">Productes de luxe--Indústria i comerç</subfield>
   </datafield>
   <datafield tag="653" ind2=" " ind1=" ">
      <subfield code="a">Producció</subfield>
   </datafield>
   <datafield ind2="0" ind1="0" tag="245">
      <subfield code="a">Optimización y automatización del cálculo del CRU en la industria del lujo</subfield>
   </datafield>
</record></metadata></record></GetRecord></OAI-PMH>